| 000 | 01307nab a22002057a 4500 | ||
|---|---|---|---|
| 999 |
_c5653 _d5653 |
||
| 003 | OSt | ||
| 005 | 20251226124906.0 | ||
| 008 | 190429b xxu||||| |||| 00| 0 spa d | ||
| 040 | _cPJ | ||
| 245 | 1 | 3 |
_aLa regulación legal del plazo razonable. Análisis de los plazos estructurales del nuevo Código Procesal Penal Federal / _cJulieta Carolina Mateos. |
| 260 |
_cCiudad Autónoma de Buenos Aires : _aThomson Reuters La Ley, _b2025. |
||
| 300 | _ap. 113-127 | ||
| 500 | _aCita: TR LALEY AR/DOC/1911/2025. | ||
| 505 | _aSumario: I. Introducción.— II. La centralidad del tiempo en el modelo acusatorio.— III. La garantía del plazo razonable: antecedentes y vacíos normativos.— IV. Principios fundamentales y claves de interpretación (arts. 18 y 114 del CPPF).— V. El plazo máximo de duración del proceso penal (art. 119 del CPPF).— VI. Los plazos de la etapa preparatoria (arts. 265 y 266 del CPPF).— VII. Consideraciones finales. | ||
| 505 | _tSi te interesa el texto completo, solicitalo a koha@justierradelfuego.gov.ar | ||
| 650 | 0 |
_9343 _aDERECHO PENAL |
|
| 650 | 0 |
_92500 _aCODIGO PROCESAL PENAL |
|
| 773 | 0 |
_02658 _93164 _tRevista de derecho penal y criminología. Nº 8 - Septiembre 2025 _dCiudad Autónoma de Buenos Aires : Thomson Reuters La Ley, 2017- _x00347914 |
|
| 942 |
_2udc _cANA |
||